Dimenze lenosti
Pohľad na lenivosť pracovníka z pozitívnej stránky. Kombinácie pracovníkov podľa pracovitosti a šikovnosti. Záporné vlastnosti lenivcov a rôzne prejavy lenivosti v práci.
Uložené v:
| Hlavný autor: | |
|---|---|
| Médium: | Kapitola |
| Jazyk: | Czech |
| Predmet: | |
| Tagy: |
Žiadne tagy, Buďte prvý, kto otaguje tento záznam!
|
MARC
| LEADER | 00000naa a2200000 4500 | ||
|---|---|---|---|
| 001 | r033149 | ||
| 005 | 20230922095326.2 | ||
| 041 | 0 | |a cze | |
| 044 | |a CZ | ||
| 245 | 1 | 0 | |a Dimenze lenosti |c Miroslav Stránský |
| 520 | |a Pohľad na lenivosť pracovníka z pozitívnej stránky. Kombinácie pracovníkov podľa pracovitosti a šikovnosti. Záporné vlastnosti lenivcov a rôzne prejavy lenivosti v práci. | ||
| 610 | 2 | 0 | |a pracovníci |
| 610 | 2 | 0 | |a psychológia |
| 610 | 2 | 0 | |a výkony pracovné |
| 610 | 2 | 0 | |a aktivita pracovná |
| 610 | 2 | 0 | |a postoje |
| 610 | 2 | 0 | |a inteligencia |
| 610 | 2 | 0 | |a pozornosť aktívna |
| 610 | 2 | 0 | |a vplyvy na prácu |
| 100 | 1 | |a Stránský, Miroslav | |